Welcome to the Holygrace Academy Library

Please use search bar below to get started

VIRTUAL LAB (Record no. 1925)

MARC details
000 -LEADER
fixed length control field 00466nam a22001457a 4500
020 ## - INTERNATIONAL STANDARD BOOK NUMBER
ISBN 81-7797-088-7
082 ## - DEWEY DECIMAL CLASSIFICATION NUMBER
Classification number 001
Item number TEJ/V
100 ## - MAIN ENTRY--AUTHOR NAME
Personal name DASH TEJASWINI
245 ## - TITLE STATEMENT
Title VIRTUAL LAB
260 ## - PUBLICATION, DISTRIBUTION, ETC. (IMPRINT)
Place of publication TRIVANDRUM
Name of publisher SISO BOOKS
Year of publication 2005
300 ## - PHYSICAL DESCRIPTION
Number of Pages 240
520 ## - SUMMARY, ETC.
Summary, etc THIS BOOK CONTAINS EXPERIMENTS FOR ALL LEVELS OF SCHOOL CHILDREN, SIMPLE AS WELL AS COMPLICATES EXPERIMENTS IN SCIENCE USING MATERIALS AVAILABLE AT HOME
650 ## - SUBJECT ADDED ENTRY--TOPICAL TERM
Topical Term SCIENCE EXPERIMENTS
Geographic subdivision INDIA
942 ## - ADDED ENTRY ELEMENTS (KOHA)
Koha item type Books
Holdings
Withdrawn status Lost status Collection code Home library Current library Shelving location Date acquired Source of acquisition Full call number Accession Number Koha item type
    Reference Main Library Main Library SHELF 1-D ENCYCLOPEDIAS G K REFERENCE 10/10/2006 purchase 001 TEJ/V 01631 Books